| 000 | 01112nam0a22003011 4500 | ||
|---|---|---|---|
| 001 | rc\4617715 | ||
| 005 | 20250612132659.0 | ||
| 021 |
_aRU _b[60-40159] |
||
| 035 | _a(NLR Aleph) 008673062 | ||
| 090 |
_a9131975 _c9131975 |
||
| 100 | _a20130416g19591960|||y0rusy50 ca | ||
| 101 | 0 | _arus | |
| 102 | _aRU | ||
| 105 | _aa z ||||| | ||
| 200 | 1 |
_aСборник задач по радиохимии _fПод ред. проф. И.А. Коршунова _gМВО. Горьк. гос. ун-т им. Н.И. Лобачевского |
|
| 210 |
_aГорький _cБ. и. _d1959 [обл. 1960] |
||
| 215 |
_a92 с. _cчерт. _d23 |
||
| 300 | _aПеред загл. авт.: Р.В. Аменицкая, А.П. Баталов, В.М. Глазов и др. | ||
| 606 |
_aРадиохимия _jЗадачи _2psbo |
||
| 701 | 1 |
_aАменицкая _bР.В. |
|
| 701 | 1 |
_aБаталов _bА.П. |
|
| 701 | 1 |
_aГлазов _bВ.М. |
|
| 702 | 1 |
_aКоршунов _bИ.А. _gИлья Алексеевич _4340 |
|
| 801 | 0 |
_aRU _bNLR _gpsbo |
|
| 801 | 1 |
_aRU _bELAR _2rusmarc |
|
| 852 |
_aNLR _j60-6/5026 |
||
| 942 | _cBOOK | ||
| 980 | _aNB | ||